000 01414cam a2200397 a 4500
001 13247004
003 OSt
005 20160915183857.0
008 030620s2003 nyua b 000 0 eng
010 _a 2003269308
020 _a0-7432-4113-4
040 _aDLC
_cDLC
_dDLC
050 0 0 _aLB1049
_b.J59 2003
082 0 4 _aDC 371.30281
_22003
_bJ62l
100 1 _aJohnson, Cynthia,
_d1969-
245 1 0 _aLearning power /
_cby Cynthia and Drew Johnson.
246 3 _aKaplan learning power
250 _aThird Edition
260 _aNew York :
_bSimon & Schuster,
_cc2003.
300 _axiv, 159 pages :
_billustrations ;
_c22 cm.
365 _b579.00
_cPhp
440 0 _aKaplan power books
500 _aAt head of title: Kaplan.
504 _aIncludes bibliographical references (p. 157-159).
650 0 _aStudy skills.
650 0 _aTest-taking skills.
650 0 _aMotivation in education.
650 0 _aLearning.
700 1 _aJohnson, Drew,
_d1970-
856 4 2 _3Publisher description
_uhttp://www.loc.gov/catdir/description/simon041/2003269308.html
856 4 1 _3Sample text
_uhttp://www.loc.gov/catdir/enhancements/fy0645/2003269308-s.html
856 4 1 _3Table of contents only
_uhttp://www.loc.gov/catdir/enhancements/fy0645/2003269308-t.html
906 _a7
_bcbc
_corigcop
_d2
_encip
_f20
_gy-gencatlg
942 _2ddc
_cDC
999 _c4540
_d4540